000 00427nam a22001217a 4500
005 20260629104245.0
100 _aNashaib Akbar
_a22-MSCS-04
_aSupervisor - Prof. Dr. Muhammad Saleem Vighio
_91006
245 _aEvaluating Auditing Tools for Unverified Smart Contracts on Ethereum Blockchain (Thesis MS)
260 _aNawabshah
_bQUEST
_c2025
300 _a104p.
700 _aDepartment of Computer Science
_91007
942 _cTHESIS
999 _c69067
_d69064